Rimba harapan / (Record no. 3908)

000 -LEADER
fixed length control field 00971 am a2200301 a 4500
003 - CONTROL NUMBER IDENTIFIER
control field AKMAL
005 - DATE AND TIME OF LATEST TRANSACTION
control field 20170524122256.0
008 - FIXED-LENGTH DATA ELEMENTS--GENERAL INFORMATION
fixed length control field 170524s1993 my | e | a00 may d
020 ## - INTERNATIONAL STANDARD BOOK NUMBER
International Standard Book Number 9836206019
040 ## - CATALOGING SOURCE
Original cataloging agency AKMAL
082 04 - DEWEY DECIMAL CLASSIFICATION NUMBER
Classification number 899.2333 KER
Edition number 22
090 ## - LOCALLY ASSIGNED LC-TYPE CALL NUMBER (OCLC); LOCAL CALL NUMBER (RLIN)
Classification number (OCLC) (R) ; Classification number, CALL (RLIN) (NR) 899.2333
Local cutter number (OCLC) ; Book number/undivided call number, CALL (RLIN) KER
100 0# - MAIN ENTRY--PERSONAL NAME
Personal name Keris Mas,
Dates associated with a name 1922-1992
9 (RLIN) 7714
245 10 - TITLE STATEMENT
Title Rimba harapan /
Statement of responsibility, etc. Keris Mas
250 ## - EDITION STATEMENT
Edition statement Edisi pelajar
260 ## - PUBLICATION, DISTRIBUTION, ETC.
Place of publication, distribution, etc. Kuala Lumpur :
Name of publisher, distributor, etc. Dewan Bahasa dan Pustaka,
Date of publication, distribution, etc. 1993
300 00 - PHYSICAL DESCRIPTION
Extent 239ms ;
Dimensions 23cm.
500 ## - GENERAL NOTE
General note Berlatar belakangkan Ketari, Bentong dan Janda Baik dalam tahun 1920an dan 1930an
650 #0 - SUBJECT ADDED ENTRY--TOPICAL TERM
Topical term or geographic name entry element Malay fiction
9 (RLIN) 2141
651 ## - SUBJECT ADDED ENTRY--GEOGRAPHIC NAME
Geographic name Pahang
General subdivision History
9 (RLIN) 7715
942 ## - ADDED ENTRY ELEMENTS (KOHA)
Source of classification or shelving scheme
Koha item type Book
Holdings
Withdrawn status Lost status Source of classification or shelving scheme Damaged status Not for loan Collection code Home library Current library Shelving location Date acquired Inventory number Full call number Barcode Date last seen Price effective from Koha item type Public note
          FICTION AKMAL Melaka AKMAL Melaka PINJAMAN 24.05.2017 800410 899.2333 KER 201705169 24.05.2017 24.05.2017 Book Dilupuskan. No. Fail. ARKIBMLK.600-6/9/1 Jld.8 ( )
Pusat Sumber Maklumat Dato' Haji Sarmin Md Hussin, Akademi Kastam Diraja Malaysia, Melaka
Tel: 06-2331106 | Faks: 06-2313787